| 000 | 00859nas a2200265 4500 | ||
|---|---|---|---|
| 001 | BR8000392 | ||
| 003 | BR-BrBNA | ||
| 005 | 20231205084112.0 | ||
| 007 | ta | ||
| 008 | 230509b bl.|||p| |||| 00| 00por d | ||
| 040 |
_aBR-BrBNA _bpor _cBiblioteca Nacional de Agricultura |
||
| 041 | _a(Pt) | ||
| 072 | _aF21 | ||
| 100 | 1 | _aSantos, O. | |
| 245 | 1 | _aAtividade microbiana em solos de cacaual sob a influencia do sombreamento e adubacao [Brasil] | |
| 246 | 1 | _aMicrobiological activity in cocoa soils influenced by shade and fertilizers [Brazil] | |
| 650 | _aMicrobiologia do solo | ||
| 650 | _aCacau | ||
| 650 | _aMicrorganismo | ||
| 650 | _aAdubacao | ||
| 650 | _aSombreamento | ||
| 773 | 0 |
_tRevista Theobroma (Brazil) _xISSN 0370-7962 _g(Jan 1979), v. 9(1) p. 13-22 _wBR8000392 |
|
| 909 |
_a202311 _bLúcia _c55 _dLúcia Elande |
||
| 942 |
_2AGRIS _n0 _cANA |
||
| 999 |
_c103154 _d103154 |
||